| Tag |
First Indicator |
Second Indicator |
Subfields |
| LEADER |
00000cam a2200000 a 4500 |
| 001 |
in00000012742 |
| 005 |
20151007051907.0 |
| 008 |
880323s1840 fr b 00010 fre d |
| 035 |
|
|
|a (OCoLC)17664867
|
| 035 |
|
|
|9 AAA5318AM
|
| 040 |
|
|
|a TXA
|c TXA
|d UtOrBLW
|
| 043 |
|
|
|a e-fr---
|
| 049 |
|
|
|a TXAS
|c [A08598949]
|
| 050 |
|
4 |
|a GB1293
|b .D8 1840
|
| 100 |
1 |
|
|a Dupasquier, Alphonse.
|
| 245 |
1 |
0 |
|a Des eaux de source et des eaux de rivière :
|b comparees sous le double rapport hygienique et industriel, et specialment des eaux de source de la rive gauche de la Saône, près Lyon ... L'eau du Rhone /
|c par Alphonse Dupasquier.
|
| 264 |
|
1 |
|a Paris :
|b J.-B. Baillere ;
|a Lyon :
|b Savy Jeune,
|c 1840.
|
| 300 |
|
|
|a xiii, 414 pages :
|b 1 folded map ;
|c 23 cm.
|
| 336 |
|
|
|a text
|b txt
|2 rdacontent
|
| 337 |
|
|
|a unmediated
|b n
|2 rdamedia
|
| 338 |
|
|
|a volume
|b nc
|2 rdacarrier
|
| 651 |
|
0 |
|a Saône River (France)
|
| 651 |
|
0 |
|a Rhône River (Switzerland and France)
|
| 650 |
|
0 |
|a Rivers
|z France.
|
| 999 |
|
|
|a MARS
|
| 999 |
f |
f |
|s ed409c5a-cf79-3bc8-a7a2-161349bb02a0
|i f2bf9a55-c4be-3e1b-9441-9c2996096e4d
|t 0
|
| 952 |
f |
f |
|p noncirc
|a Texas A&M University
|b College Station
|c Cushing Memorial Library & Archives
|d Cushing: Rare Books (Does not check out)
|t 0
|e GB1293 .D8 1840
|h Library of Congress classification
|i unmediated -- volume
|m A14808598949
|
| 998 |
f |
f |
|a GB1293 .D8 1840
|t 0
|l Cushing: Rare Books (Does not check out)
|